Motivačné a stimulačné aspekty vo vnútropodnikovom manažmente výroby
Jedným z mnohých skupín faktorov, ktoré vplývajú na produktivitu výrobného podniku sú motivačné a stimulačné aspekty. Tak isto ako na produktivitu, rovnako aj na úroveň motivácie zamestnancov vplýva množstvo faktorov. Analýza motivačných a stimulačných aspektov vo vybranom podniku. Súčasný stav moti...
Guardado en:
| Autor principal: | |
|---|---|
| Otros Autores: | |
| Formato: | Capítulo de libro |
| Lenguaje: | eslovaco |
| Materias: | |
| Etiquetas: |
Sin Etiquetas, Sea el primero en etiquetar este registro!
|
MARC
| LEADER | 00000nla a2200000 4500 | ||
|---|---|---|---|
| 001 | 0207703 | ||
| 005 | 20240502073443.6 | ||
| 041 | 0 | |a slo | |
| 044 | |a SK | ||
| 245 | 1 | 0 | |a Motivačné a stimulačné aspekty vo vnútropodnikovom manažmente výroby |c Michal Kováčik, Júlia Rakovská |
| 520 | |a Jedným z mnohých skupín faktorov, ktoré vplývajú na produktivitu výrobného podniku sú motivačné a stimulačné aspekty. Tak isto ako na produktivitu, rovnako aj na úroveň motivácie zamestnancov vplýva množstvo faktorov. Analýza motivačných a stimulačných aspektov vo vybranom podniku. Súčasný stav motivačného programu vo vybranom podniku a analýza názorov zamestnancov na jednotlivé motivačné faktory vo všeobecnosti a konkrétne v podniku, v ktorom pracujú. Hodnotenie úrovne motivačného programu vo vybranom podniku. | ||
| 610 | 2 | 0 | |a podnik |
| 610 | 2 | 0 | |a zamestnanci |
| 610 | 2 | 0 | |a stimuly pracovné |
| 610 | 2 | 0 | |a motivácia pracovná |
| 100 | 1 | |a Kováčik, Michal, 1983- | |
| 700 | 1 | |a Rakovská, Júlia, 1972- | |